| 000 | 01384nam a2200409 i 4500 | ||
|---|---|---|---|
| 001 | 6164 | ||
| 003 | KOSZ 005 | ||
| 005 | 20191024105149.0 | ||
| 008 | 080707s1961 pl a f f |000 0 pol | ||
| 015 | _aPB 1961/6932 | ||
| 035 | _a(OCoLC)749245977 | ||
| 040 |
_aWA N _cWA N _bKOSZ 005/HR |
||
| 046 | _k1961 | ||
| 080 | _a624.95 | ||
| 080 | _a(075.8) | ||
| 100 | 1 |
_aKłoś, Czesław _d(1881-1957). _eAutor |
|
| 245 | 1 | 0 |
_aZbiorniki na ciecze : _bobliczanie i konstrukcja / _cCzesław Kłoś, Adam Mitzel, Jan Suwalski. |
| 260 |
_aWarszawa : _b"Arkady", _c1961. |
||
| 300 |
_a348 s. : _bil. ; _c25 cm. |
||
| 336 |
_2rdacontent _aTekst _btxt |
||
| 337 |
_2rdamedia _aBez urządzenia pośredniczącego _bnc |
||
| 338 |
_2rdacarrier _aWolumin _bn |
||
| 380 | _aKsiążki | ||
| 380 | _aPbublikacje dydaktyczne | ||
| 385 |
_mPoziom nauczania _aSzkoły wyższe |
||
| 388 | _a1901-2000 | ||
| 388 | _a1945-1989 | ||
| 504 | _aBibliogr. | ||
| 521 | 8 | _aDla inżynierów-projektantów i studentów wyższych uczelni technicznych. | |
| 650 | 4 | _aZbiorniki | |
| 658 | _aInżynieria i technika | ||
| 700 | 1 |
_aMitzel, Adam _d(?-1977) _eOpracowanie |
|
| 710 | 2 |
_aWydawnictwo "Arkady". _4pbl. |
|
| 700 | 1 |
_aSuwalski, Jan _eAutor |
|
| 856 |
_uhttp://koha.tu.koszalin.pl/cgi-bin/koha/opac-detail.pl?biblionumber=6164 _yKatalog online BPK |
||
| 942 |
_2UKD _cKS |
||
| 999 |
_c6164 _d6164 |
||